Esquizofrenia. La enfermedad del inconsciente Wael Sarwat Hikal Carren̤

Bibliographic Details
Main Author: Hikal Carren̤, Wael Sarwat
Format: eBook
Language:Spanish
Published: [Barcelona] : Editorial vLex, 2011.
Subjects:
Online Access:Acceso restringido

MARC

LEADER 00000nam a22000007a 4500
005 2011092603263.0
008 110926s2011 sp |||||s|||| 00||0 spa d
035 |a 5864 
040 |a vLex 
090 |c 2573  |d 2573 
100 1 |a Hikal Carren̤, Wael Sarwat 
245 1 0 |a Esquizofrenia. La enfermedad del inconsciente  |h [Recurso electrn̤ico] /  |b Wael Sarwat Hikal Carren̤ 
256 |a Servicio en ln̕ea. 
260 |a [Barcelona] :  |b Editorial vLex,  |c 2011. 
300 |a 1 recurso electrn̤ico 
506 1 |a Contenido solo disponible en los productos indicados  |d vLex Global  |d vLex Global (Academic Edition, excluding Law Schools)  |d vLex Global (U.S. Academic Edition, Law Schools)  |d vLex Global (U.S. Academic Edition, excluding Law Schools)  |d vLex Global (Academic Edition, Law Schools) 
650 0 4 |a Esquizofrenia 
740 0 |a vLex Libros (Servicio en ln̕ea) 
856 4 0 |u http://vlex.com/source/5864  |z Acceso restringido 
942 |c BOOK